000 00284nam a22001217a 4500
008 181012b xxu||||| |||| 00| 0 eng d
041 _aeng
080 _a611
100 _a7
101 _aANA
245 _aPathologic Physiology: Mechanisms of Disease
_cSodeman,W.A
942 _2udc
_cBK
999 _c49499
_d49499